| 000 | 00440nam a2200157Ia 4500 | ||
|---|---|---|---|
| 999 |
_c17748 _d17748 |
||
| 082 | _a306.165 SCH-; | ||
| 100 | _aSchluchter, Wofgang | ||
| 245 | 0 |
_aParadoxes of modernity: _b culture and conduct in the theory of Max Weber |
|
| 260 |
_aCalifornia _bStandard University Press _c1996 |
||
| 300 | _a389p. | ||
| 504 | _aIncludes indexes | ||
| 650 | _aWeber, Max - Philosophy | ||
| 650 | _aParadoxes | ||
| 700 | _aSolomon, Neil | ||
| 942 | _cBK | ||